Lands of Middle Earth - Statistics

General Stats
  • This quiz has been taken 142 times
  • The average score is 4 of 7
Answer Stats
Answer % Correct
Gondor
97%
Mordor
97%
Rohan
93%
Rhun
44%
Eriador
40%
Rhovanion
33%
Lindon
32%
No matching quizzes found
Score Distribution
Percent of People with Each Score
Percentile by Number Answered
Your Score History
You have not taken this quiz